00635nam a22002057a 450000500170000001000130001702000100003003500130004003700160005304000120006908200130008110000300009424500830012426000380020727000670024530000210031250000430033365000240037665000290040020170124110200.0 aA-423372 c00.00 aA-423372 bCen Lib/Ret aDPLbEN a020bSUB aSubedi, Madhusudan Sharma aFundamentals of library and information science /cby Madhusudan Sharma Subedi aJaipurbNirala Publicationsc1990 aG. P. O. Box 394 Nawab Ka Chauraha, Ghat GatebJaipur e302001 a208p. c21cm(Hb) aIncludes bibliographical references  aInformation science aLibrary science -- Nepal